Library Banner

Negotiation (Record no. 43536)

MARC details
000 -LEADER
fixed length control field 00627nam a2200229Ia 4500
001 - CONTROL NUMBER
control field 45568
008 - FIXED-LENGTH DATA ELEMENTS--GENERAL INFORMATION
fixed length control field 140428s9999 xx 000 0 und d
020 ## - INTERNATIONAL STANDARD BOOK NUMBER
International Standard Book Number 0072429658
040 ## - CATALOGING SOURCE
Transcribing agency PK-LaUMT
082 ## - DEWEY DECIMAL CLASSIFICATION NUMBER
Classification number 658.4052
Item number NEG-
100 ## - MAIN ENTRY--PERSONAL NAME
Personal name Barry, Bruce
245 ## - TITLE STATEMENT
Title Negotiation
Remainder of title readings, exercises, and cases
Statement of responsibility, etc Barry, Bruce<>Leswicki, Roy J.<>Minton, John W.<>Saunders, David M.
250 ## - EDITION STATEMENT
Edition statement 4th
260 ## - PUBLICATION, DISTRIBUTION, ETC. (IMPRINT)
Place of publication, distribution, etc New York,USA:
Name of publisher, distributor, etc McGraw-Hill,
Date of publication, distribution, etc 2003
300 ## - PHYSICAL DESCRIPTION
Extent 722 p.
546 ## - LANGUAGE NOTE
Language note EN
650 ## - SUBJECT ADDED ENTRY--TOPICAL TERM
Topical term or geographic name as entry element Negotiation
700 ## - ADDED ENTRY--PERSONAL NAME
Personal name Leswicki, Roy J.
700 ## - ADDED ENTRY--PERSONAL NAME
Personal name Minton, John W.
700 ## - ADDED ENTRY--PERSONAL NAME
Personal name Saunders, David M.
942 ## - ADDED ENTRY ELEMENTS (KOHA)
Koha item type Books
Holdings
Withdrawn status Lost status Damaged status Not for loan Home library Current library Date acquired Total Checkouts Full call number Barcode Date last seen Price effective from Koha item type
        UMT Main Campus UMT Main Campus 2014-04-28   658.4052 NEG- 49655 2014-05-06 2014-05-06 Books